Study on nematode on rice and vegetables in angkor chey district, kampot province,(សិក្សាវត្តមានណេម៉ាតូតទៅលើដំណាំស្រូវ និងបន្លែ នៅស្រុកអង្គរជ័យ ខេត្តកំពត) (Record no. 1162)

000 -LEADER
fixed length control field 00651nam a22001577a 4500
003 - CONTROL NUMBER IDENTIFIER
control field OSt
005 - DATE AND TIME OF LATEST TRANSACTION
control field 20150923162027.0
008 - FIXED-LENGTH DATA ELEMENTS--GENERAL INFORMATION
fixed length control field 150923b xxu||||| |||| 00| 0 eng d
040 ## - CATALOGING SOURCE
Transcribing agency RUA
082 ## - DEWEY DECIMAL CLASSIFICATION NUMBER
Classification number AGR OUM 2011 B048 Or.1
100 ## - MAIN ENTRY--PERSONAL NAME
9 (RLIN) 1218
Personal name OUM SOPHANN
245 ## - TITLE STATEMENT
Title Study on nematode on rice and vegetables in angkor chey district, kampot province,(សិក្សាវត្តមានណេម៉ាតូតទៅលើដំណាំស្រូវ និងបន្លែ នៅស្រុកអង្គរជ័យ ខេត្តកំពត)
260 ## - PUBLICATION, DISTRIBUTION, ETC. (IMPRINT)
Place of publication, distribution, etc. phnom penh
Name of publisher, distributor, etc. RUA
Date of publication, distribution, etc. 2011
300 ## - PHYSICAL DESCRIPTION
Extent xi, 47p.
Dimensions ill.
Size of unit 29cm.
942 ## - ADDED ENTRY ELEMENTS (KOHA)
Source of classification or shelving scheme
Koha item type AGR
Holdings
Price effective from Date last seen Permanent Location Not for loan Date acquired Source of classification or shelving scheme Koha item type Lost status Withdrawn status Date last checked out Total Checkouts Shelving location Damaged status Barcode Current Location Full call number
2015-09-232020-05-29Library Block B 2015-09-23 AGR  2020-05-223B048 RUA000442Library Block BAGR OUM 2011 B048 Or.1
2015-09-232023-04-19Library Block B 2015-09-23 AGR  2023-03-291B048 RUA000300Library Block BAGR OUM 2011 B048 Or.2
2015-09-232023-03-15Library Block B 2015-09-23 AGR  2023-03-012B048 RUA000739Library Block BAGR OUM 2011 B048 Or.3
មជ្ឈមណ្ឌលឯការនៃសាកលវិទ្យាល័យភូមិន្ទកសិកម្មចំការដូង

Powered by Koha